000 00805nam0a22002531 4500
001 rc\3733191
005 20260407164022.0
021 _aRU
_b[72-2772]
035 _a(NLR Aleph) 007867006
090 _a7833078
_c7833078
100 _a20130115d1971 |||y0rusy50 ca
101 0 _arus
102 _aRU
105 _ay z |||||
200 1 _aМатериалы
_fСоветский комитет за европейскую безопасность
210 _aМосква
_cБ. и.
_d1971
215 _a72 с.
_d20
710 0 2 _aСоветский комитет за европейскую безопасность
_cМосква
_9706634
_3RU\NLR\AUTH\8810102999
801 0 _aRU
_bNLR
_gpsbo
801 1 _aRU
_bELAR
_2rusmarc
852 _aNLR
_j72-4/4918
942 _cBOOK
980 _aNB